| 000 | 00685nam a2200205Ia 4500 | ||
|---|---|---|---|
| 003 | GCL | ||
| 008 | 140319s9999 xx 000 0 ara d | ||
| 040 |
_aGCL / _cGCL |
||
| 082 | 0 | 4 |
_a239.9 _bع ا |
| 100 | 1 | _aعبدالعزيز الشناوى | |
| 245 | 1 | 0 |
_aاهل الجنة , صحابه رسول الله / _cعبدالعزيز الشناوى |
| 260 |
_a[S.N] : _bدار البشير للثقافة والعلوم الاسلامية ، _c1988 |
||
| 300 | _a241 ص | ||
| 490 |
_aالسيرة النبوية _v0 |
||
| 650 | 0 | 4 | _aالاسلام |
| 650 | 0 | 4 | _aالسيرة النبوية |
| 650 | 0 | 4 | _aالجنة |
| 650 | 0 | 4 | _aالصحابة والتابعون |
| 942 |
_2ddc _cBK |
||
| 999 |
_c29600 _d29600 |
||